000 01800nam0a2200361 4500
001 RU\NLR\bibl\1801975
005 20260408062722.0
010 _a978-5-8353-0773-9
_9500
021 _aRU
_b2011-57322
_94060
035 _a(nilc)RSL-KNO-004979511
035 _a(NLR Aleph) 001792635
090 _a1766321
_c1766321
100 _a20110725d2011 |||y0rusy50 ca
101 0 _arus
102 _aRU
105 _aa |||||||||
200 1 _aИнновации молодых
_eсборник научных трудов
_fМ-во образования и науки Рос. Федерации, Новокузнец. фил. - ин-т гос. образоват. учреждения высш. проф. образования "Кемер. гос. ун-т"
_g[под общ. ред. Ф. И. Иванова, С. А. Шипилова]
210 _aНовокузнецк
_cНФИ КемГУ
_d2011
215 _a293 с.
_cил.
_d20
320 _aБиблиогр. в конце ст.
601 0 2 _aКемеровский государственный университет
_bНовокузнецкий филиал-институт
_jСборники
_xНаучные работы
_92601082
_3RU\NLR\auth\661537640
686 _aЯ43(2Р)3
_2rubbk
686 _aЯ431(2)31
702 1 _4340
_7ca
_8rus
_aИванов
_bФ. И.
_cд-р хим. наук
_gФедор Иванович
_925070
_3RU\NLR\AUTH\7742124
712 0 2 _4570
_aКемеровский государственный университет
_bНовокузнецкий филиал-институт
_9561197
_3RU\NLR\AUTH\8810031281
801 0 _aRU
_bRuMoRKP
_c20110725
_grcr
801 1 _aRU
_bРГБ
_c20110725
801 2 _aRU
_bNLR
_c20110825
_grcr
942 _cBOOK
980 _aNB
980 _aNBR